Cellular and molecular immunology. (7th ed.) (Record no. 63970)

MARC details
000 -LEADER
fixed length control field 01619nam a2200265 a 4500
008 - FIXED-LENGTH DATA ELEMENTS--GENERAL INFORMATION
fixed length control field 150220s2012 ||||||||||||||||| || u
020 ## - INTERNATIONAL STANDARD BOOK NUMBER
International Standard Book Number 9781437715286
050 ## - LIBRARY OF CONGRESS CALL NUMBER
Classification number QR 185.5 Abb
100 ## - MAIN ENTRY--PERSONAL NAME
Personal name Abbas, Abul K
245 10 - TITLE STATEMENT
Title Cellular and molecular immunology. (7th ed.)
Statement of responsibility, etc. By Abul K. Abbas, Andrew H. Lichtman [and] Shiv Pillai
250 ## - EDITION STATEMENT
Edition statement 7th ed.
260 ## - PUBLICATION, DISTRIBUTION, ETC.
Place of publication, distribution, etc. Philadelphia
Name of publisher, distributor, etc. Elsevier Saunders
Date of publication, distribution, etc. 2012
300 ## - PHYSICAL DESCRIPTION
Extent x, 545p.: ill.
350 ## -
-- 92.95
650 ## - SUBJECT ADDED ENTRY--TOPICAL TERM
Topical term or geographic name entry element ANTIBODY FORMATION--IMMUNOLOGY
650 ## - SUBJECT ADDED ENTRY--TOPICAL TERM
Topical term or geographic name entry element IMMUNE SYSTEMS DISEASES--IMMUNOLOGY
650 ## - SUBJECT ADDED ENTRY--TOPICAL TERM
Topical term or geographic name entry element LYMPHOCYTES--IMMUNOLOGY
650 ## - SUBJECT ADDED ENTRY--TOPICAL TERM
Topical term or geographic name entry element ANTIGENS--IMMUNOLOGY
650 ## - SUBJECT ADDED ENTRY--TOPICAL TERM
Topical term or geographic name entry element IMMUNITY, CELLULAR
995 ## -
-- MEDICAL LIBRARY OPEN ACCESS
-- 902856
-- CBU-SCHOOL OF MEDICINE LIBRARY (Ndola)
-- 92.95
-- QR 185.5 Abb
-- 5
-- AVAILABLE
-- Mar 10, 2015
-- 902856
-- Medical Library Open Access Collection
995 ## -
-- MICHAEL CHILUFYA SATA OPEN ACCESS
-- 902855
-- CBU-SCHOOL OF MEDICINE LIBRARY (Ndola)
-- 92.95
-- QR 185.5 Abb
-- 4
-- AVAILABLE
-- Mar 10, 2015
-- 902855
-- Medical Library Open Access Collection
995 ## -
-- MICHAEL CHILUFYA SATA OPEN ACCESS
-- 902853
-- CBU-SCHOOL OF MEDICINE LIBRARY (Ndola)
-- 92.95
-- QR 185.5 Abb
-- 2
-- AVAILABLE
-- Mar 10, 2015
-- 902853
-- Medical Library Open Access Collection
995 ## -
-- MICHAEL CHILUFYA SATA OPEN ACCESS
-- 902854
-- CBU-SCHOOL OF MEDICINE LIBRARY (Ndola)
-- 92.95
-- QR 185.5 Abb
-- 3
-- AVAILABLE
-- Mar 10, 2015
-- 902854
-- Medical Library Open Access Collection
995 ## -
-- MEDICAL LIBRARY OPEN ACCESS
-- 902852
-- CBU-SCHOOL OF MEDICINE LIBRARY (Ndola)
-- 92.95
-- QR 185.5 Abb
-- 1
-- AVAILABLE
-- Mar 10, 2015
-- 902852
-- Medical Library Open Access Collection
999 ## -
-- 63970
-- 63970
Holdings
Withdrawn status Lost status Source of classification or shelving scheme Damaged status Not for loan Permanent Location Current Location Shelving location Date acquired Total Checkouts Full call number Barcode Date last seen Copy number Price effective from Koha item type
          CBU-MICHAEL CHILUFYA SATA LIBRARY CBU-MICHAEL CHILUFYA SATA LIBRARY   02/01/2023   QR 185.5 Abb 902855 02/01/2023 2 02/01/2023 MONOGRAPH
          CBU-MICHAEL CHILUFYA SATA LIBRARY CBU-MICHAEL CHILUFYA SATA LIBRARY   02/01/2023   QR 185.5 Abb 902853 02/01/2023 3 02/01/2023 MONOGRAPH
          CBU-MICHAEL CHILUFYA SATA LIBRARY CBU-MICHAEL CHILUFYA SATA LIBRARY   02/01/2023   QR 185.5 Abb 902854 02/01/2023 4 02/01/2023 MONOGRAPH
          CBU-SCHOOL OF MEDICINE LIBRARY, NDOLA. CBU-SCHOOL OF MEDICINE LIBRARY, NDOLA.   02/01/2023   QR 185.5 Abb 902856 02/01/2023 1 02/01/2023 MONOGRAPH
          CBU-SCHOOL OF MEDICINE LIBRARY, NDOLA. CBU-SCHOOL OF MEDICINE LIBRARY, NDOLA.   02/01/2023   QR 185.5 Abb 902852 02/01/2023 5 02/01/2023 MONOGRAPH